Mythologie Grecque : Série de Questions Nº2 - Statistiques

Statistiques générales
  • Ce quiz a été pris 326 fois
  • Le résultat moyen est 10 sur 12
Statistiques - réponses
Question Réponse % Correct
Comment se nomme le chien à trois têtes gardant l'entrée des Enfers ? Cerbère
97%
Qui est le père de Zeus ? Chronos
95%
Qui a enlevé Perséphone pour en faire la reine des Enfers ? Hadès
95%
Qui est le messager des Dieux ? Hermès
95%
Cheval ailé appartenant à Poséidon Pégase
92%
On lui a prédit qu'il tuerait son père et épouserait sa mère Œdipe
88%
Que recherchaient Jason et les Argonautes ? Toison d'or
82%
Énième maîtresse de Zeus qui a donné son nom à un continent et à une lune de Jupiter Europe
75%
Comment se nomme le temple dédié à Athéna ? Parthénon
73%
Qui est le Dieu du sommeil ? Hypnos
66%
Qui est la déesse de la nuit ? Nyx
65%
Dans quelle ville grecque se situait le temple dédié à Apollon ? Delphes
53%
Aucun quiz correspondant
Distribution des résultats
% des personnes avec chaque résultat
Percentile par nombre de réponses
Votre historique - résultats
Vous n’avez pas pris ce quiz